Euro 2021 QF Starting XI - Statistics

General Stats
  • This quiz has been taken 40 times
  • The average score is 46 of 88
Answer Stats
Answer % Correct
Gianluigi Donnarumma
100%
Romelu Lukaku
97%
Thibaut Courtois
97%
Yann Sommer
97%
Harry Kane
94%
Jordan Pickford
94%
Luke Shaw
94%
Alvaro Morata
91%
Giorgio Chiellini
91%
Leonardo Bonucci
91%
Kevin de Bruyne
88%
Kyle Walker
88%
Nicolo Barella
88%
Federico Chiesa
85%
Harry Maguire
85%
Unai Simon
85%
John Stones
82%
Thorgan Hazard
82%
Xherdan Shaqiri
82%
Ciro Immobile
79%
Kasper Schmeichel
79%
Sergio Busquets
79%
Jan Vertonghen
76%
Lorenzo Insigne
76%
Pedri
76%
Giovanni Di Lorenzo
74%
Patrik Schick
74%
Simon Kjaer
74%
Toby Alderweireld
74%
Declan Rice
71%
Jorginho
71%
Leonardo Spinazzola
71%
Manuel Akanji
68%
Raheem Sterling
68%
Thomas Meunier
68%
Aymeric Laporte
65%
Jordi Alba
65%
Ricardo Rodriguez
62%
Andreas Christensen
59%
Axel Witsel
59%
Breel Embolo
59%
Kalvin Phillips
56%
Marco Verratti
56%
Oleksandr Zinchenko
56%
Youri Tielemans
56%
Andriy Yarmolenko
53%
Ferran Torres
53%
Jeremy Doku
53%
Jadon Sancho
50%
Mason Mount
50%
Pau Torres
50%
Joakim Maehle
47%
Pierre-Emile Hojbjerg
47%
Tomas Soucek
47%
Vladimir Coufal
47%
Cesar Azpilicueta
41%
Haris Seferovic
41%
Mikkel Damsgaard
41%
Kasper Dolberg
38%
Remo Freuler
35%
Roman Yaremchuk
32%
Thomas Vermaelen
32%
Vitaliy Mykolenko
32%
Nico Elvedi
29%
Thomas Delaney
29%
Denis Zakaria
26%
Jannik Vestergaard
26%
Martin Braithwaite
26%
Koke
24%
Silvan Widmer
24%
Illia Zabarnyi
21%
Tomas Vaclik
21%
Antonin Barak
12%
Pablo Sarabia
12%
Tomas Holes
12%
Tomas Kalas
12%
Jens Stryger Larsen
9%
Mykola Shaparenko
9%
Steven Zuber
9%
Hoerhiy Bushchan
6%
Lukas Masopust
6%
Mykola Matviyenko
6%
Serhiy Sydorchuk
6%
Petr Sevcik
3%
Jan Boril
0%
Oleksandr Karavayev
0%
Ondrej Celustka
0%
Serhiy Krystov
0%
No matching quizzes found
Score Distribution
Percent of People with Each Score
Percentile by Number Answered
Your Score History
You have not taken this quiz